00761nam a22002177a 4500003001100000005001700011008004100028020001500069040003900084041000800123082001800131245008700149260005200236300004300288650004100331700002500372700003200397942000700429952009200436999001500528LK-CoMWRAF20231120132501.0231016b2009 |||||||| |||| 00| 0 eng d a955910277X aLK-CoMWRAFdLK-CoMWRAFeLK-CoMWRAF aeng a320.082 bEXC aExcluding women: bthe struggle for women's political participation in Sri Lanka  aColombo:bSocial Scientists' Association,c2009 ai, 150 p. ill. ; 23 cmbIndex included aWOMEN-Political activity--Sri Lanka. aPerera, Morina eed. aChandrasekera, Rasika eed. cBK 00104070aMAINbMAINd2023-10-16l0o320.082 EXCpRAF1766r2023-10-16w2023-10-16yBK c3889d3889